| Поле | Инд. | ПП | Название | Значение |
|---|---|---|---|---|
| Тип записи | a | |||
| Библиографический уровень | b | |||
| 001 | Контрольный номер | RU/IS/BASE/220454694 | ||
| 005 | Дата корректировки | 20200610181714.5 | ||
| 008 | Кодируемые данные | 20061226 | ||
| 040 | b | Код языка каталог. | rus | |
| e | Правила каталог. | PSBO | ||
| 041 | 0_ | a | Код языка текста | rus |
| 084 | a | Индекс другой классификации/Индекс ББК | 60.51(0)6; 60.032.2 | |
| 100 | 1_ | a | Автор | Халиков М. С. |
| 100 | 1_ | a | Автор | Корецкий В. А. |
| 245 | 10 | a | Заглавие | Социологические взгляды на глобализационные процессы |
| 504 | a | Библиография | Библиогр. ссылки | |
| 600 | a | Персоналии | Гидденс Энтони | |
| a | Персоналии | Валлерстайн Иммануил | ||
| a | Персоналии | Робертсон Роланд | ||
| a | Персоналии | Бек Ульрих | ||
| a | Персоналии | Терборт Геран | ||
| a | Персоналии | Уотерс Малькольм | ||
| a | Персоналии | Аппардураи Аржун | ||
| 650 | a | Основная рубрика | история социологии | |
| a | Основная рубрика | социальная философия | ||
| a | Основная рубрика | социология | ||
| a | Основная рубрика | философия | ||
| a | Основная рубрика | философия истории | ||
| 653 | a | Ключевые слова | XX век | |
| a | Ключевые слова | глобализация | ||
| a | Ключевые слова | глобальная система | ||
| a | Ключевые слова | глобальная социальность | ||
| a | Ключевые слова | детерриторизация социального | ||
| a | Ключевые слова | мировое развитие | ||
| a | Ключевые слова | модели глобализации | ||
| a | Ключевые слова | общественное развитие | ||
| a | Ключевые слова | социологические теории | ||
| 773 | 0_ | t | Заглавие источника | Вестник Московского университета. Серия 18, Социология и политология |
| d | Дата издания источника | 2006 | ||
| g | Прочая информация | № 4. - С. 59 - 74 | ||
| w | Контрольный № источника | RU/IS/BASE/219330550 | ||
| 901 | t | Тип документа | b |